000 00352nam a2200121 i 4500
001 bg
245 0 _aZamojszczyzna-Sonderlaboratorium SS :
_bzbiór dokumentów polskich i niemieckich z okresu okupacji hitlerowskiej.
_nT. 1.
260 _aWarszawa,
_c1977.
040 _cBPK
041 _apol
942 _cKS
008 s pl f |000 0 pol
999 _c47159
_d47159
856 _uhttp://koha.tu.koszalin.pl/cgi-bin/koha/opac-detail.pl?biblionumber=47159
_yKatalog online BPK